000 00958cai a22001815a 4500
001 L137197
008 070322u xxk g 000 0 eng d
035 _a(Sirsi) u137197
041 0 _aeng
110 2 _aRoyal Institution of Chartered Surveyors
_bConstruction Faculty
_94214
245 0 0 _aService charge guide
_h[electronic resource]
520 _aOfficial RICS code of practice regarding service charges. Provides information regarding management, administration, communications, transparency, service standards and provision, and value for money. Provides details of RICS' alternative dispute resolution service for parties involved in disputes about service charge matters.
590 _aKA
651 4 _aUnited Kingdom
_y
690 _aPROPERTY-COMMERCIAL PROPERTY-COMMERCIAL LANDLORD AND TENANT-COMMERCIAL SERVICE CHARGES
856 4 0 _uhttps://www.servicechargecode.co.uk/
_zView the item free of charge at www.servicechargecode.co.uk...
942 _n0
999 _c120586
_d120586